000 00938cam a2200253 a 4500
001 1086743
005 20230728114316.0
008 920302s1992 cau 000 0 eng
010 _a 92009545
020 _a0915811405 :
_c$12.95
040 _aDLC
_cDLC
_dDLC
050 0 0 _aBL624
_b.M49 1992
082 0 0 _a291.4/4
_221
100 1 _aMillman, Dan.
245 1 0 _aNo ordinary moments :
_ba peaceful warrior's guide to daily life /
_cDan Millman.
260 _aTiburon, Calif. :
_bH.J. Kramer,
_cc1992.
300 _axvi, 301 p. ;
_c22 cm.
600 1 0 _aMillman, Dan.
650 0 _aSpiritual life.
856 4 2 _3Publisher description
_uhttp://www.loc.gov/catdir/enhancements/fy1505/92009545-d.html
906 _a7
_bcbc
_corignew
_d1
_eocip
_f19
_gy-gencatlg
942 _2lcc
_cBOOKS
_hBL624 .M49 1992
999 _c31774
_d31774